Gründungsmitglied der Fußball Bundesliga? #8 - Statistiken

Allgemein
  • Dieses Quiz wurde 82 mal gespielt
  • Das Durchschnittsergebnis liegt bei 7 aus 8
Antwortstatistiken
Hint Antwort % Korrekt
TSV 1860 München Ja
97%
TSG 1899 Hoffenheim Nein
97%
1. FC Kaiserslautern Ja
95%
Bayer 04 Leverkusen Nein
95%
SV Darmstadt 1898 Nein
95%
FC Viktoria Köln Nein
90%
Blau-Weiß 90 Berlin Nein
85%
Stuttgarter Kickers Nein
84%
Keine übereinstimmenden Quizze gefunden
Verteilung der Resultate
Anzahl Personen mit jedem Resultat
Perzentil nach korrekt beantworteten Fragen
Ihre Resultats-Entwicklung
Sie haben dieses Quiz noch nicht gespielt